[Event "Titled Tuesday intern op 16th Jul Late"]
[Site "Chess.com INT"]
[Date "2024.07.16"]
[Round "1"]
[White "Molinaroli, Martin"]
[Black "Garrido Diaz, Jose Antonio"]
[Result "1-0"]
[WhiteElo "2148"]
[BlackElo "2260"]
[PlyCount "125"]
[EventDate "2024.07.16"]
[EventType "swiss (blitz)"]
[EventRounds "11"]
[EventCountry "USA"]
[SourceTitle "EXT 2025"]
[Source "ChessBase"]
[SourceDate "2024.10.14"]
[SourceVersion "1"]
[SourceVersionDate "2024.10.14"]
[SourceQuality "1"]

1. b3 Nf6 2. Bb2 g6 3. Bxf6 exf6 4. c4 f5 5. Nc3 Bg7 6. g3 0-0 7. Bg2 d6 8. e3 Nd7 9. Nge2 Re8 10. 0-0 Nc5 11. Qc2 c6 12. d4 Nd7 13. b4 Nf6 14. b5 Qc7 15. a4 Be6 16. c5 dxc5 17. bxc6 bxc6 18. dxc5 Ne4 19. Rab1 Nxc5 20. Rfc1 Rac8 21. Nd4 Nd7 22. Ncb5 Qe5 23. Nxc6 Rxc6 24. Qxc6 Rd8 25. Nd4 Nf8 26. Qc7 Qxc7 27. Rxc7 Bxd4 28. exd4 Rxd4 29. Rxa7 Kg7 30. a5 Ra4 31. a6 Bc4 32. Bf1 Ne6 33. Bxc4 Rxc4 34. Rbb7 Ng5 35. h4 Nf3+ 36. Kg2 Ne5 37. Rc7 Ra4 38. Re7 Kf6 39. Reb7 Ra2 40. Rb6+ Kg7 41. Rab7 Ng4 42. a7 Rxf2+ 43. Kg1 Ra2 44. Rb2 Ra1+ 45. Rb1 Ra2 46. Re7 Nf6 47. Rb8 Nd5 48. Rd7 Nf6 49. Rc7 Nd5 50. Rcb7 f4 51. gxf4 Ra1+ 52. Kf2 Nxf4 53. a8Q Rxa8 54. Rxa8 Nd3+ 55. Ke3 Ne5 56. Ke4 Ng4 57. Raa7 Nh6 58. Ke5 Kg8 59. Kf6 Ng4+ 60. Kg5 Ne5 61. Re7 Nf3+ 62. Kf6 Nxh4 63. Ra8# 1-0

[Event "Titled Tuesday intern op 18th Jun Early"]
[Site "Chess.com INT"]
[Date "2024.06.18"]
[Round "3"]
[White "Garrido Diaz, Jose Antonio"]
[Black "Weishaeutel, Moritz"]
[Result "0-1"]
[WhiteElo "2260"]
[BlackElo "2398"]
[PlyCount "56"]
[EventDate "2024.06.18"]
[EventType "swiss (blitz)"]
[EventRounds "11"]
[EventCountry "USA"]
[SourceTitle "EXT 2025"]
[Source "ChessBase"]
[SourceDate "2024.10.14"]
[SourceVersion "1"]
[SourceVersionDate "2024.10.14"]
[SourceQuality "1"]

1. e4 d5 2. exd5 Qxd5 3. Nc3 Qa5 4. d4 Nf6 5. Nf3 Bf5 6. Bc4 e6 7. Bd2 Bb4 8. 0-0 Nc6 9. a3 Bxc3 10. Bxc3 Qb6 11. Ne5 0-0 12. a4 Nxe5 13. dxe5 Ne4 14. Bd4 Qc6 15. Bb5 Qd5 16. b3 a6 17. Bc4 Qd7 18. Be3 Qe7 19. Qf3 Rfd8 20. Rad1 Nc3 21. Rxd8+ Rxd8 22. Qg3 Qb4 23. Bh6 Bg6 24. Bg5 Rd7 25. h4 b5 26. axb5 axb5 27. Bd3 Bxd3 28. cxd3 Ne2+ 0-1